The righteousness of God: (Record no. 5689)

000 -LEADER
fixed length control field 00662nam a2200193 a 4500
001 - CONTROL NUMBER
control field :::00003431$&:&@@
003 - CONTROL NUMBER IDENTIFIER
control field OkBaRHE
005 - DATE AND TIME OF LATEST TRANSACTION
control field 20000607103305.0
008 - FIXED-LENGTH DATA ELEMENTS--GENERAL INFORMATION
fixed length control field j 000 0 eng u
040 ## - CATALOGING SOURCE
Transcribing agency
100 1# - MAIN ENTRY--PERSONAL NAME
Personal name Kelford, Victor C.
245 14 - TITLE STATEMENT
Title The righteousness of God:
Remainder of title how do you appear to God?
Statement of responsibility, etc An exposition of the book of Romans.
260 ## - PUBLICATION, DISTRIBUTION, ETC. (IMPRINT)
Place of publication, distribution, etc Pasadena, CA., :
Name of publisher, distributor, etc n.p.
Date of publication, distribution, etc nd
300 ## - PHYSICAL DESCRIPTION
Extent 104 p. ;
Dimensions 21 cm.
650 ## - SUBJECT ADDED ENTRY--TOPICAL TERM
Topical term or geographic name as entry element Bible New Testament Romans
General subdivision Criticism, Interpretation, etc.
650 ## - SUBJECT ADDED ENTRY--TOPICAL TERM
Topical term or geographic name as entry element God
General subdivision Righteousness
942 ## - ADDED ENTRY ELEMENTS (KOHA)
Source of classification or shelving scheme
Koha item type Books
Copies
Not for loan Withdrawn status Lost status Shelving location Price effective from Copy number Barcode Source of classification or shelving scheme Date acquired Permanent Location Damaged status Koha item type Date last seen Full call number
   General Stacks2010-04-1413431 2010-04-14RHEMA Bible Training College Books2018-03-28BS 2665 .K366